Adolescence (Record no. 7081)
[ view plain ]
| 000 -LEADER | |
|---|---|
| fixed length control field | 00476 a2200169 4500 |
| 020 ## - INTERNATIONAL STANDARD BOOK NUMBER | |
| International Standard Book Number | 069715033X |
| 020 ## - INTERNATIONAL STANDARD BOOK NUMBER | |
| International Standard Book Number | 069715033X |
| 090 ## - LOCALLY ASSIGNED LC-TYPE CALL NUMBER (OCLC); LOCAL CALL NUMBER (RLIN) | |
| -- | 3166 |
| -- | 3166 |
| 100 10 - MAIN ENTRY--PERSONAL NAME | |
| Personal name | Santrock, John W., |
| 245 10 - TITLE STATEMENT | |
| Title | Adolescence |
| Remainder of title | : an introduction |
| Statement of responsibility, etc. | / John W. Santrock. |
| 250 ## - EDITION STATEMENT | |
| Edition statement | 6th ed. |
| 260 0# - PUBLICATION, DISTRIBUTION, ETC. | |
| Place of publication, distribution, etc. | Madison |
| Name of publisher, distributor, etc. | : Brown & Benchmark |
| Date of publication, distribution, etc. | , c1996. |
| 300 ## - PHYSICAL DESCRIPTION | |
| Extent | xxvii, 628 p. |
| Other physical details | : ill. (some col.) |
| Dimensions | ; 29 cm. |
| 650 #0 - SUBJECT ADDED ENTRY--TOPICAL TERM | |
| Topical term or geographic name entry element | Adolescence. |
| 650 #0 - SUBJECT ADDED ENTRY--TOPICAL TERM | |
| Topical term or geographic name entry element | Adolescent psychology. |
| 942 ## - ADDED ENTRY ELEMENTS (KOHA) | |
| Koha item type | Book |
| Call number prefix | 305.235 SAN |
| Withdrawn status | Lost status | Damaged status | Not for loan | Collection code | Permanent Location | Current Location | Shelving location | Date acquired | Source of acquisition | Total Checkouts | Full call number | Barcode | Date last seen | Price effective from | Koha item type |
|---|---|---|---|---|---|---|---|---|---|---|---|---|---|---|---|
| Central Library (CL) | Central Library (CL) | General Stacks | 08/27/2001 | Donation | 305.235 SAN | SEECS001229 | 11/14/2012 | 01/05/2017 | Book |
